00991cam a2200229 a 450000100100000000500170001000800410002702000140006804000300008208200180011210000340013024501770016426000950034130000280043650000650046450400340052950400550056365000260061865000440064465000340068870000390072200001199520200929162641.0960222s1995 pr a b 000 0 spa  z094234751 aDO-SdBNPbspacDLCdBNPHU a398.245bO77a1 aOrtíz Lugo, Julia Cristina.10aDe arañas, conejos y tortugas :bpresencia de Africa en la cuentística de tradición oral en Puerto Rico /cJulia Cristina Ortíz Lugo ; editor, Ricardo E. Alegría. aSan Juan, (Puerto Rico) :bCentro de Estudios Avanzados de Puerto Rico y el Caribe,c1995. a113 p. :bil. ;c23 cm. aEs la segunda reimpresión de la primera edición del 1995 aIncluye índice de contenido aIncluye referencias bibliográficas (p. 105-113). 4aFolklorezPuerto Rico 4aNegros africanoszPuerto RicoxFolklore 4aTradición oralzPuerto Rico1 aAlegría, Ricardo E.,eed.eintr.